书目信息 |
| 题名: |
旅游地理学
|
|
| 作者: | 雷明德 主编 | |
| 分册: | ||
| 出版信息: | 西安 西北大学出版社 1988.6 |
|
| 页数: | 242页 | |
| 开本: | 26cm | |
| 丛书名: | ||
| 单 册: | ||
| 中图分类: | F59 | |
| 科图分类: | ||
| 主题词: | 旅游地理学--高等学校--教材 | |
| 电子资源: | ||
| ISBN: | 7-5604-0039-6 | |
| 000 | 00706nam0 2200241 45 | |
| 001 | 0188017182 | |
| 005 | 20070721151346.32 | |
| 010 | @a7-5604-0039-6@dCNY4.00 | |
| 020 | @aCN@b88017182 | |
| 100 | @a19910417d1988 m y0chiy0120 ea | |
| 101 | 0 | @achi |
| 102 | @aCN@b610000 | |
| 105 | @ay j 000yy | |
| 200 | 10 | @a旅游地理学@Alu you di li xue@f雷明德主编@Flei ming de zhu bian |
| 210 | @a西安@c西北大学出版社@d1988.6 | |
| 215 | @a242页@d26cm | |
| 300 | @a高等学校教材 成人自学用书 旅游职工读物 | |
| 540 | 1 | @a旅游地理学@Alu you di li xue |
| 606 | @a旅游地理学@x高等学校@x教材 | |
| 690 | @aF59@v2 | |
| 701 | 0 | @a雷明德@Alei ming de@4主编 |
| 801 | 0 | @aCN@bTSSF@c20070721 |
| 905 | @a10447@dF59@e177 | |
| 旅游地理学/雷明德主编.-西安:西北大学出版社,1988.6 |
| 242页;26cm |
| 高等学校教材 成人自学用书 旅游职工读物 |
| ISBN 7-5604-0039-6:CNY4.00 |
| ● |
| 相关链接 |
|
|
|
|
正题名:旅游地理学
索取号:F59/177
 
预约/预借
| 序号 | 登录号 | 条形码 | 馆藏地/架位号 | 状态 | 备注 |
| 1 | 0768563 | 207685637 | 第一样本阅览室/ [索取号:F59/177] | 在馆 |